000 00970 am a2200289ua 4500
001 007471812
005 20201128020936.0
008 030908r20032007xxkak fr2b 001 0 eng d
020 _a186152918X (pbk.)
020 _a9781861529183
040 _aEG-ScBUE
082 0 0 _a658.421
_222
_bBOL
100 1 _aBolton, Bill
_q(Bill K.)
_931074
245 1 4 _aThe entrepreneur in focus :
_bachieve your potential /
_cBill Bolton and John Thompson.
250 _a1st ed.,
_breprinted.
260 _aLondon :
_bThomson Learning,
_c2003
_e([Cornwall, United Kingdom] :
_fTJ Digital)
300 _axii, 276 p. :
_bforms, tables ;
_c24 cm.
500 _aIndex : p. 267-276.
500 _aReprint of the 2003 ed.
504 _aBibliography : p. 263-266.
650 0 _aEntrepreneurship
_9240
_2BUEsh
651 _2BUEsh
653 _bBUSADM
_cOctober2012
_cOctober2014
655 _vText book
_933728
700 1 _aThompson, John L.,
_d1931-
_931076
942 _2ddc
_cBB
_k658.421 BOL
999 _c17061
_d17033